| 000 | 00803nam a2200217 a 4500 | ||
|---|---|---|---|
| 001 | 74293 | ||
| 003 | BD-RjUL | ||
| 005 | 20211209082531.0 | ||
| 008 | 180531s2004 bg a|||| |||| 00| 1 ben d | ||
| 035 | _a(BD-RjUL)74511 | ||
| 040 |
_aBD-RjUL _bben _cBD-RjUL _dBD-RjUL |
||
| 041 | _aben | ||
| 082 |
_a294.5922 _bRAV 2004 |
||
| 100 | 1 |
_aরায়, কানাইলাল _9221524 |
|
| 245 | 1 |
_aবাল্মীকি রামায়ণ / _bড. কানাইলাল রায় |
|
| 260 |
_aঢাকা : _bআনন্দ পাবলিশার্স লিমিটেড, _c২০০৪ |
||
| 300 |
_axxvi, ৩০০ পৃ. : _bচিত্র ; _c২০ সেমি. |
||
| 650 |
_aহিন্দু পুরাণ _9221525 |
||
| 650 |
_aHindu mythology. _9221526 |
||
| 942 |
_2ddc _cBK |
||
| 999 |
_c74293 _d74293 |
||